| 000 | 00535nam a22001097a 4500 | ||
|---|---|---|---|
| 082 | _a001 | ||
| 100 | _aपुणेकर | ||
| 245 | _aMPPSC मध्यप्रदेश राज्य सेवा मुख्य परीक्षा सामान्य अध्ययन सॉल्वड पेपर्स 2015 - 2020 ( I,II,II, & IV Papers) | ||
| 260 |
_aइंंदौर _bपुणेकर पबिलकेशन _c2023 |
||
| 650 |
_aसामान्य ज्ञान _9328 |
||
| 942 | _cHIN | ||
| 999 |
_c66277 _d66277 |
||